| 000 | 00724cam a22002415a 4500 | ||
|---|---|---|---|
| 001 | 17059517 | ||
| 005 | 20170208143342.0 | ||
| 008 | 111128t2012 njua fr 001 0 eng d | ||
| 020 | _a9781118137192 | ||
| 040 |
_aDLC _cDLC _dDLC _dEG-ScBUE _beng |
||
| 082 | 0 | 4 |
_222 _a620.00452 _bELS |
| 100 | 1 | _aElsayed, Elsayed A. | |
| 245 | 1 | 0 |
_aReliability engineering / _cElsayed A. Elsayed. |
| 250 | _a2nd ed. | ||
| 260 |
_aHoboken : _bA John Wiley & Sons, _cc.2012. |
||
| 300 |
_axvii, 772 p. : _bill. ; _c24 cm. |
||
| 490 | 0 | _aWiley series in systems engineering and management | |
| 500 | _aIncludes indexes. | ||
| 650 | 0 |
_aReliability (Engineering) _2BUEsh |
|
| 651 | _2BUEsh | ||
| 653 |
_bENGMEC _cFebruary2017 |
||
| 942 | _2ddc | ||
| 999 |
_c24098 _d24070 |
||